12+1 : (Record no. 183017)

MARC details
000 -LEADER
campo de control de longitud fija 00885nam a2200241 i 4500
001 - NÚMERO DE CONTROL
campo de control 183017
003 - IDENTIFICADOR DE NÚMERO DE CONTROL
campo de control ES-MaACL
005 - FECHA Y HORA DE LA ÚLTIMA TRANSACCIÓN
campo de control 20260215144904.0
008 - DATOS DE LONGITUD FIJA--INFORMACIÓN GENERAL
campo de control de longitud fija 140113s2012 sp | |||||||| | spa d
020 ## - NÚMERO INTERNACIONAL ESTÁNDAR DEL LIBRO
Número Internacional Estándar del Libro 978-84-7731-541-4
080 ## - NÚMERO DE LA CLASIFICACIÓN DECIMAL UNIVERSAL
Número de la Clasificación Decimal Universal 821.134.2(460.27)-14"19/20"(082.2)
245 00 - MENCIÓN DEL TÍTULO
Título 12+1 :
Resto del título una antología de poetas madrileñ@s actuales /
Mención de responsabilidad, etc. selección y presentación, Alberto Infante.
246 3# - FORMA VARIANTE DEL TITULO
Título propio/Titulo breve Doce más uno
260 ## - PUBLICACIÓN, DISTRIBUCIÓN, ETC.
Lugar de publicación, distribución, etc. Madrid :
Nombre del editor, distribuidor, etc. Endymion,
Fecha de publicación, distribución, etc. D.L. 2012.
300 ## - DESCRIPCIÓN FÍSICA
Extensión 216 p. ;
Dimensiones 20 cm.
490 1# - MENCIÓN DE SERIE
Mención de serie Poesía (Ediciones Endymion) ;
Designación de volumen o secuencia 324
650 #4 - PUNTO DE ACCESO ADICIONAL DE MATERIA--TÉRMINO DE MATERIA
Término de materia o nombre geográfico como elemento de entrada Poesías españolas-
Subdivisión geográfica Madrid (Comunidad Autónoma)
9 (RLIN) 154134
700 1# - ENTRADA AGREGADA--NOMBRE PERSONAL
Nombre de persona Infante, Alberto,
Fechas asociadas al nombre 1949-
9 (RLIN) 154135
830 0# - PUNTO DE ACCESO ADICIONAL DE SERIE-TÍTULO UNIFORME
Título uniforme Poesía (Ediciones Endymion) ;
Designación de volumen o secuencia 324
9 (RLIN) 191744
852 ## - LOCALIZACIÓN
Ubicación ES-MaACL
Número de control de estantería A-12980
itemnumber 189950
Sublocalización o colección R.149059
Ubicación en estantería Depósito 1
Signatura antigua Olim: N-5980
942 ## - ELEMENTOS DE ENTRADA SECUNDARIOS (KOHA)
Fuente del sistema de clasificación o colocación Clasificación decimal universal
Tipo de ítem Koha Libro impreso
Holdings
Estatus retirado Estado de pérdida Fuente del sistema de clasificación o colocación Estado de daño No para préstamo Biblioteca de origen Biblioteca actual Ubicación en estantería Fecha de adquisición Fuente de adquisición Total de préstamos Signatura topográfica completa Código de barras Visto por última vez Precio de reemplazo Tipo de ítem Koha
    Clasificación decimal universal     Biblioteca del Ateneo de Madrid Biblioteca del Ateneo de Madrid Depósito 1 13/01/2014 Donación   A-12980 1192356 23/02/2023 23/02/2023 Libro impreso